<?xml version="1.0" encoding="UTF-8"?>
<record
    xmlns:xsi="http://www.w3.org/2001/XMLSchema-instance"
    xsi:schemaLocation="http://www.loc.gov/MARC21/slim http://www.loc.gov/standards/marcxml/schema/MARC21slim.xsd"
    xmlns="http://www.loc.gov/MARC21/slim">

  <leader>00982nam a22002297a 4500</leader>
  <controlfield tag="005">20100805155626.0</controlfield>
  <datafield tag="010" ind1=" " ind2=" ">
    <subfield code="a">HIN-90009</subfield>
  </datafield>
  <datafield tag="020" ind1=" " ind2=" ">
    <subfield code="c">220.00</subfield>
  </datafield>
  <datafield tag="035" ind1=" " ind2=" ">
    <subfield code="a"> HN-62355</subfield>
  </datafield>
  <datafield tag="037" ind1=" " ind2=" ">
    <subfield code="b">DBAD / PUB</subfield>
  </datafield>
  <datafield tag="082" ind1=" " ind2=" ">
    <subfield code="a">158.1</subfield>
  </datafield>
  <datafield tag="100" ind1=" " ind2=" ">
    <subfield code="a">&#x906;&#x930;&#x94D;&#x92F;, &#x930;&#x93E;&#x91C;&#x940;&#x935;</subfield>
    <subfield code="9">24832</subfield>
  </datafield>
  <datafield tag="245" ind1=" " ind2=" ">
    <subfield code="a">&#x938;&#x92B;&#x932;&#x924;&#x93E; &#x915;&#x947; 3 &#x916;&#x91C;&#x93C;&#x93E;&#x928;&#x947;:</subfield>
    <subfield code="c">&#x930;&#x93E;&#x91C;&#x940;&#x935; &#x906;&#x930;&#x94D;&#x92F;</subfield>
    <subfield code="b">&#x92E;&#x928;&#x940; &#x92D;&#x940; &#x939;&#x928;&#x940; &#x92D;&#x940; /</subfield>
  </datafield>
  <datafield tag="246" ind1=" " ind2=" ">
    <subfield code="a">Safalta Ke Teen Khazane:Mani Bhi Hani Bhi</subfield>
    <subfield code="b">by Rajeev Arya</subfield>
  </datafield>
  <datafield tag="260" ind1=" " ind2=" ">
    <subfield code="a">&#x928;&#x908; &#x926;&#x93F;&#x932;&#x94D;&#x932;&#x940;</subfield>
    <subfield code="b">&#x930;&#x93E;&#x91C;&#x940;&#x935; &#x906;&#x930;&#x94D;&#x92F;</subfield>
    <subfield code="c">2009</subfield>
  </datafield>
  <datafield tag="270" ind1=" " ind2=" ">
    <subfield code="a">184, &#x930;&#x93E;&#x91C;&#x93E; &#x917;&#x93E;&#x930;&#x94D;&#x921;&#x928;</subfield>
    <subfield code="b">&#x928;&#x908; &#x926;&#x93F;&#x932;&#x94D;&#x932;&#x940;</subfield>
    <subfield code="e">110015</subfield>
  </datafield>
  <datafield tag="300" ind1=" " ind2=" ">
    <subfield code="a">203&#x92A;&#x943;.</subfield>
    <subfield code="c">22&#x938;&#x947;&#x92E;&#x940; (&#x905;&#x91C;&#x93F;&#x932;&#x94D;&#x926;)</subfield>
  </datafield>
  <datafield tag="700" ind1=" " ind2=" ">
    <subfield code="9">5361</subfield>
  </datafield>
  <datafield tag="700" ind1=" " ind2=" ">
    <subfield code="9">789</subfield>
  </datafield>
  <datafield tag="942" ind1=" " ind2=" ">
    <subfield code="2">ddc</subfield>
    <subfield code="c">HN</subfield>
    <subfield code="h">158.1</subfield>
    <subfield code="m">&#x906;&#x930;&#x94D;&#x92F;&#x930;&#x93E;</subfield>
  </datafield>
  <datafield tag="999" ind1=" " ind2=" ">
    <subfield code="c">39554</subfield>
    <subfield code="d">39554</subfield>
  </datafield>
  <datafield tag="952" ind1=" " ind2=" ">
    <subfield code="0">0</subfield>
    <subfield code="1">0</subfield>
    <subfield code="4">0</subfield>
    <subfield code="7">1</subfield>
    <subfield code="8">NFIC</subfield>
    <subfield code="a">DBAD</subfield>
    <subfield code="b">DBAD</subfield>
    <subfield code="d">2010-08-05</subfield>
    <subfield code="e">DBAD / PUB</subfield>
    <subfield code="g">220.00</subfield>
    <subfield code="l">0</subfield>
    <subfield code="o">158.1 &#x906;&#x930;&#x94D;&#x92F;&#x938;&#x902;</subfield>
    <subfield code="p">HN-62355</subfield>
    <subfield code="r">2010-08-05 00:00:00</subfield>
    <subfield code="t">1</subfield>
    <subfield code="v">220.00</subfield>
    <subfield code="w">2010-08-05</subfield>
    <subfield code="y">HN</subfield>
  </datafield>
</record>
